| 000 | 00964nam a2200253 a 4500 | ||
|---|---|---|---|
| 001 | 000015477 | ||
| 003 | DO-SdBNP | ||
| 005 | 20240530073917.0 | ||
| 008 | 100210s2004 dr 000 f spa d | ||
| 020 | _a9945405071 | ||
| 040 |
_aDO-SdBNP _bspa _cBNPHU |
||
| 082 | 4 |
_aRD863.44 _bV145r _222 |
|
| 100 | 1 |
_aValdez, Diógenes, _d1941-2014 _914890 |
|
| 245 | 1 | 0 |
_aRaknarok : _b(final) / _cDiógenes Valdez. |
| 260 |
_aSanto Domingo : _bManatí, _c2004. |
||
| 300 |
_a173 p. ; _c22 cm. |
||
| 500 | _aSexta novela del ciclo titulado ¨El sexteto de Fort Liberté¨, que se apoya temáticamente en el célebre poema ¨Yelidá¨, de Tomás Hernández Franco. | ||
| 650 | 0 |
_aNovela dominicana _9223 |
|
| 650 | 0 |
_aLiteratura dominicana. _967 |
|
| 700 | 1 | 2 |
_aHernández Franco, Tomás, _d1904-1952 _tYelidá _930249 |
| 700 | 1 |
_aValdez, Diógenes, _d1941- _tYelidá (El sexteto de Fort Liberté) _n6 _934956 |
|
| 910 | _aValidado. Control de calidad BNPHU | ||
| 942 |
_2ddc _cLBS1 |
||
| 999 |
_c15033 _d15033 |
||